Tratativas precontractuales en el Código Civil y Comercial de la Nación : su impacto en la estructuración de una transferencia del control accionario /
Guardado en:
| Autor Principal: | |
|---|---|
| Formato: | Libro |
| Idioma: | Spanish |
| Publicado: |
Ciudad Autónoma de Buenos Aires :
Erreius,
2016.
|
| Edición: | 1a. ed. |
| Materias: | |
| Etiquetas: |
Agregar Etiqueta
Sin Etiquetas, Sea el primero en etiquetar este registro!
|
| LEADER | 00602nam a22001575a 4500 | ||
|---|---|---|---|
| 001 | DER.der014483 | ||
| 008 | 191121s2016####ag############000#0#spa#d | ||
| 005 | 20250911154308.0 | ||
| 245 | 1 | 0 | |a Tratativas precontractuales en el Código Civil y Comercial de la Nación : |b su impacto en la estructuración de una transferencia del control accionario / |c Rodolfo G. Papa. |
| 250 | |a 1a. ed. | ||
| 260 | |a Ciudad Autónoma de Buenos Aires : |b Erreius, |c 2016. | ||
| 300 | |a 280 p. | ||
| 020 | |a 9789873953545 | ||
| 100 | 1 | |a Papa, Rodolfo G. | |
| 650 | 7 | |a DERECHO DE LOS CONTRATOS | |
| 859 | |a DERECHO |b BIB. DERECHO |h 346.02 |i PAP |p 009762 | ||
